| 000 | 00645nam a22002177a 4500 | ||
|---|---|---|---|
| 003 | OSt | ||
| 008 | 150520b xxu||||| |||| 00| 0 eng d | ||
| 020 | _a9780071495783 (alk. paper) | ||
| 020 | _a0071495789 (alk. paper) | ||
| 041 | 0 | _aeng | |
| 080 | _a047 | ||
| 100 | _aMoreira, Paula. | ||
| 245 | 0 | 0 |
_aAce the IT interview : _cPaula Moreira. |
| 250 | _aBotimi dytë | ||
| 260 |
_aNew York : _bMcGraw-Hill, _cc2008. |
||
| 300 |
_a296 f _bme il _c26 cm. |
||
| 505 | _aIndex:f. 289-296 | ||
| 650 | _aIntervista | ||
| 700 | 1 |
_aMoreira, Paula. _cAce the IT job interview. |
|
| 942 |
_2udc _cBK |
||
| 999 |
_c867 _d867 |
||